|
|
|
|
| LEADER |
00948nam a2200253 a 4500 |
| 001 |
868111 |
| 008 |
091217s1991 enka b 000 0 eng d |
| 010 |
|
|
|a 93034904
|
| 020 |
|
|
|a 0855981369
|
| 020 |
|
|
|a 0855981377 (pbk)
|
| 040 |
|
|
|a BD-DhAAL
|c BD-DhAAL
|
| 082 |
0 |
0 |
|a 305.42/091724
|2 20
|
| 245 |
0 |
0 |
|a Changing perceptions :
|b writings on gender and development /
|c edited by Tina Wallace with Candida March.
|
| 260 |
|
|
|a Oxford :
|b Oxfam,
|c c1991.
|
| 300 |
|
|
|a xi, 324 p. :
|c 23 cm.
|
| 504 |
|
|
|a Includes bibliographical references and index.
|
| 541 |
1 |
|
|e 00005018
|
| 650 |
|
0 |
|a Women in development.
|
| 650 |
|
0 |
|a Sex role.
|
| 700 |
1 |
|
|a Wallace, Tina.
|
| 700 |
1 |
|
|a March, Candida.
|
| 852 |
4 |
|
|a Ayesha Abed Library
|j General shelf
|
| 999 |
|
|
|c 6192
|d 6192
|
| 952 |
|
|
|0 0
|1 0
|2 ddc
|4 0
|6 305_420917240000000_CHA_1991
|7 0
|9 6212
|a BRACUL
|b BRACUL
|c GEN
|d 2009-12-19
|g 1120.00
|l 1
|m 3
|o 305.42091724 CHA
|p 3010005018
|r 2012-02-09
|s 2012-01-16
|t 1
|v 2240.00
|w 2009-12-19
|y BK
|